000 00732nam a2200217Ii 4500
003 JO-AjNU
008 230605s9999||||xx |||||||||||||| ||und||
017 _a2007/3637
020 _a977-419-606-6
040 _aJO-AjNU
_bara
_erda
_cJO-AjNU
041 _aara
050 1 4 _aR439 2007
100 3 _aمدكور ، اميمه رفعت,
_eauthor
_931028
245 0 0 _aالاضطرابات السلوكية
264 3 1 _aالقاهرة:الهيئة المصرية العامه للكتاب ، 2007
300 _a464ص
336 _atext
_btxt
_2rdacontent
337 _aunmediated
_bn
_2rdamedia
338 _avolume
_bnc
_2rdacarrier
650 4 _aالسلوك-اضطربات السلوك-الاطفال-علم النفس
_931029
999 _aA12366
_c15934
_d15934